Atomic Force Microscopy for Nanoscale Biophysics: From Single Molecules to Living Cells (Record no. 1848482)

MARC details
000 -LEADER
fixed length control field 00348 a2200121 4500
000 - LEADER
fixed length control field nam a22 7a 4500
005 - DATE AND TIME OF LATEST TRANSACTION
control field 20260424101311.0
020 ## - INTERNATIONAL STANDARD BOOK NUMBER
International Standard Book Number 9780323953603
100 ## - MAIN ENTRY--PERSONAL NAME
Personal name Mi Li
9 (RLIN) 1061214
245 ## - TITLE STATEMENT
Title Atomic Force Microscopy for Nanoscale Biophysics: From Single Molecules to Living Cells
260 ## - PUBLICATION, DISTRIBUTION, ETC.
Name of publisher, distributor, etc. Academic Press
Date of publication, distribution, etc. 2023
942 ## - ADDED ENTRY ELEMENTS (KOHA)
Koha item type Textual
Holdings
Withdrawn status Lost status Source of classification or shelving scheme Damaged status Not for loan Home library Current library Date acquired Source of acquisition Cost, normal purchase price Inventory number Total Checkouts Barcode Date last seen Cost, replacement price Price effective from Koha item type
    Colon Classification (CC)   Ordered South Campus Library South Campus Library 2026-04-24 104 10744.80 761 & 22/12/2025   SC1691867 2026-04-24 13431.00 2026-04-24 Textual
Copyright @ Delhi University Library System